| 000 | 00804nam a2200241 i 4500 | ||
|---|---|---|---|
| 001 | 99558 | ||
| 003 | ES-MaACL | ||
| 005 | 20250307130132.0 | ||
| 007 | t| | ||
| 008 | 050913s1961 sp ||||1| spa d | ||
| 100 | 1 |
_aMartínez Amador, Emilio M. _977852 |
|
| 245 | 1 | 0 |
_aDiccionario inglés-español / _cpor Emilio M. Amador. |
| 250 | _a4ª ed. | ||
| 260 |
_aBarcelona : _bRamón Sopena, _c1961. |
||
| 300 |
_a2 v. ; _c25 cm. |
||
| 650 | 4 |
_aLengua inglesa- _vDiccionarios- _xEspañol. _914270 |
|
| 650 | 4 |
_aLengua española- _vDiccionarios- _xInglés. _914142 |
|
| 852 | 4 |
_aES-MaACL _jG-16148 _cDEPO2 _dOlim: C-20382 _bR.48467 |
|
| 852 | 4 |
_aES-MaACL _jG-16150 _cDEPO2 _dOlim: C-20381 _pv.1 _bR.48467 |
|
| 942 |
_2udc _cMONOGRAFIA _n0 |
||
| 999 |
_c99558 _d99558 |
||